| 000 | 00757nam a2200265Ia 4500 | ||
|---|---|---|---|
| 003 | OSt | ||
| 005 | 20220928124225.0 | ||
| 006 | a|||||r|||| 00| 0 | ||
| 007 | ta | ||
| 008 | 220927b |||||||| |||| 00| 0 eng d | ||
| 020 | _c3496.5 | ||
| 024 | _a99406 | ||
| 037 |
_b43, 16/09/2009, Insat Books and Periodicals _cTextual |
||
| 040 |
_aSDCL _cSDCL _beng |
||
| 041 |
_2eng _aeng |
||
| 082 | _aB6M3, P9 | ||
| 100 |
_aSilverman Joseph H _9443501 |
||
| 245 | 0 | _aArithmetic of elliptic curves. | |
| 250 | _a2 | ||
| 260 |
_aNew York _b Springer _c2009 |
||
| 300 |
_axv,513p. _ccm. |
||
| 650 | _aMathematics | ||
| 942 |
_hB6M3, P9 _cTEXL _2CC |
||
| 999 |
_c776704 _d776704 |
||